| Tag |
First Indicator |
Second Indicator |
Subfields |
| LEADER |
00000cam a2200000 a 4500 |
| 001 |
in00004231213 |
| 005 |
20260123205949.3 |
| 006 |
m o d |
| 007 |
cr cn |
| 008 |
160813s2003 xx o eng |
| 020 |
|
|
|z 0738499382
|
| 020 |
|
|
|z 9780738499383
|
| 035 |
|
|
|a (CaSebORM)0738499382
|
| 040 |
|
|
|d UtOrBLW
|
| 041 |
0 |
|
|a eng
|
| 100 |
1 |
|
|a Vilaghy, Tamas,
|e author.
|0 http://id.loc.gov/authorities/names/n2003044024
|
| 245 |
1 |
0 |
|a WebSphere Portal on z/OS /
|c Vilaghy, Tamas.
|
| 264 |
|
1 |
|b IBM Redbooks,
|c 2003.
|
| 300 |
|
|
|a 1 online resource (364 pages)
|
| 336 |
|
|
|a text
|b txt
|2 rdacontent
|
| 337 |
|
|
|a computer
|b c
|2 rdamedia
|
| 338 |
|
|
|a online resource
|b cr
|2 rdacarrier
|
| 347 |
|
|
|a text file
|
| 520 |
|
|
|a This IBM Redbooks publication will help you install, tailor, and configure the PTF2 level of WebSphere Portal Server for z/OS product. We discuss architectural, installation, configuration, administration, security and problem determination issues. We show you how to deploy portlets and how to convert a "normal" WebSphere application into a portlet. Some of the key features of the IBM WebSphere Portal offering are that it delivers a single, universal point of access that is integrated, highly customizable and scalable to interact with key applications, content, people, and business processes. Also, it offers numerous portlets for e-mail, calendars, syndicated news, industry applications and many other functions. The WebSphere Portal for Multiplatforms includes three editions: Portal Enable, Portal Extend, and Portal Experience. This book covers the WebSphere Portal for z/OS and OS/390 product, which is based on the WebSphere Portal V4.1 Enable edition. Please note that the additional material referenced in the text is not available from IBM.
|
| 533 |
|
|
|a Electronic reproduction.
|b Boston, MA :
|c Safari,
|n Available via World Wide Web.
|d 2003.
|
| 538 |
|
|
|a Mode of access: World Wide Web.
|
| 542 |
|
|
|g 2003
|
| 588 |
|
|
|a Online resource; Title from title page (viewed November 6, 2003)
|
| 500 |
|
|
|a Electronic resource.
|
| 655 |
|
7 |
|a Electronic books.
|2 local
|
| 700 |
1 |
|
|a Ebert, Marlon,
|e author.
|
| 700 |
1 |
|
|a Goeggelmann, Lothar,
|e author.
|
| 700 |
1 |
|
|a Iyengar, Ashok,
|e author.
|0 http://id.loc.gov/authorities/names/no2003117125
|
| 700 |
1 |
|
|a Khalkhal, Boris,
|e author.
|
| 700 |
1 |
|
|a Orton, Henry,
|e author.
|
| 700 |
1 |
|
|a Tai, Theresa,
|e author.
|
| 710 |
2 |
|
|a Safari, an O'Reilly Media Company.
|
| 856 |
4 |
0 |
|u https://proxy.library.tamu.edu/login?url=https://go.oreilly.com/TAMU/library/view/-/0738499382/?ar
|z Connect to this electronic resource
|t 0
|
| 999 |
f |
f |
|s 116ad05e-843d-37b8-8968-70a2f840cb05
|i 5a3bb7b5-361c-373b-bc63-9204e7fd4913
|t 0
|
| 952 |
f |
f |
|a Texas A&M University
|b College Station
|c Electronic Resources
|s www_evans
|d Available Online
|t 0
|h No information provided
|
| 998 |
f |
f |
|t 0
|l Available Online
|